| 000 | 00524nam a22001817a 4500 | ||
|---|---|---|---|
| 003 | LK-CoDNM | ||
| 005 | 20240927101037.0 | ||
| 008 | 240927b |||||||| |||| 00| 0 eng d | ||
| 040 |
_aLK-CoDNM _dLK-CoDNM _eLK-CoDNM |
||
| 041 | _atam | ||
| 080 |
_aT _bA40 |
||
| 100 | _aMendis,G.C | ||
| 245 | _aஇலங்கையில் பிரித்தானிய ஆட்சி | ||
| 246 | _aIlangajil Pirithaniya Adsi | ||
| 260 |
_aColombo _bColombo Apothikkarish Company _c1948 |
||
| 300 | _a196p ; 21cm | ||
| 942 | _cBK | ||
| 999 |
_c152844 _d152844 |
||